BIBLIOTECA “JULIO CORTÁZAR”
ESCUELA AGROTÉCNICA “LIBERTADOR GENERAL SAN MARTÍN” - UNR – CASILDA

Logo Escuela Logo UNR

Eco 92 : (Record no. 575)

MARC details
000 -LEADER
campo de control de longitud fija 00907nam#a22003375a#4500
001 - NÚMERO DE CONTROL
campo de control 575
008 - DATOS DE LONGITUD FIJA--INFORMACIÓN GENERAL
campo de control de longitud fija 070619s1992####xx#####g#a###|101#0#spa#d
080 ## - NÚMERO DE LA CLASIFICACIÓN DECIMAL UNIVERSAL
Número de la Clasificación Decimal Universal 504.3
084 ## - OTRO NÚMERO DE CLASIFICACIÓN
Número de clasificación E15
040 ## - FUENTE DE CATALOGACIÓN
Centro catalogador/agencia de origen AR-ClEAG
Centro/agencia transcriptor AR-ClEAG
005 - FECHA Y HORA DE LA ÚLTIMA TRANSACCIÓN
campo de control 20241107184639.0
003 - IDENTIFICADOR DE NÚMERO DE CONTROL
campo de control AR-ClEAG
100 1# - ENTRADA PRINCIPAL--NOMBRE DE PERSONA
Nombre de persona Arcocha, Carlos Enrique.
245 10 - MENCIÓN DEL TÍTULO
Título Eco 92 :
Resto del título Raices del futuro /
Mención de responsabilidad, etc. Carlos Enrique Arcocha ... [et al.].
250 ## - MENCION DE EDICION
Mención de edición 1ª ed.
260 ## - PUBLICACIÓN, DISTRIBUCIÓN, ETC.
Lugar de publicación, distribución, etc. Rosario :
Nombre del editor, distribuidor, etc. UNR editora,
Fecha de publicación, distribución, etc. [1992 ?]
300 ## - DESCRIPCIÓN FÍSICA
Extensión 94 p. ;
Dimensiones 22 cm.
653 ## - TÉRMINO DE INDIZACIÓN--NO CONTROLADO
Término no controlado Ecoderecho
653 ## - TÉRMINO DE INDIZACIÓN--NO CONTROLADO
Término no controlado Fondo Mundial Ambiental
653 ## - TÉRMINO DE INDIZACIÓN--NO CONTROLADO
Término no controlado Especie humana
653 ## - TÉRMINO DE INDIZACIÓN--NO CONTROLADO
Término no controlado Deuda externa
653 ## - TÉRMINO DE INDIZACIÓN--NO CONTROLADO
Término no controlado Diversidad biológica
653 ## - TÉRMINO DE INDIZACIÓN--NO CONTROLADO
Término no controlado Importancia de la DB
653 ## - TÉRMINO DE INDIZACIÓN--NO CONTROLADO
Término no controlado Opiniones
653 ## - TÉRMINO DE INDIZACIÓN--NO CONTROLADO
Término no controlado Principales problemas
653 ## - TÉRMINO DE INDIZACIÓN--NO CONTROLADO
Término no controlado Tendencias futuras
700 1# - ENTRADA AGREGADA--NOMBRE PERSONAL
Nombre de persona Fuentes Huisman, Mirtha.
700 1# - ENTRADA AGREGADA--NOMBRE PERSONAL
Nombre de persona Spiaggi, Eduardo.
700 1# - ENTRADA AGREGADA--NOMBRE PERSONAL
Nombre de persona Orlando, Angela.
942 ## - ELEMENTOS DE ENTRADA SECUNDARIOS (KOHA)
Tipo de ítem Koha Libros
980 ## - EQUIVALENCIA O REFERENCIA-CRUZADA-MENCIÓN DE SERIE--NOMBRE DE PERSONA/TÍTULO [LOCAL, CANADÁ]
Enlace 2
Nombre de persona Evangelina Gallicchio
Enlace entre campo y número de secuencia 2
Información miscelánea Evangelina Gallicchio
Holdings
Estatus retirado Estado de pérdida Fuente del sistema de clasificación o colocación Estado de daño No para préstamo Biblioteca de origen Biblioteca actual Ubicación en estantería Fecha de adquisición Número de inventario Total de préstamos Signatura topográfica completa Código de barras Visto por última vez Precio de reemplazo Tipo de ítem Koha
    Clasificación decimal universal     Julio Cortázar Julio Cortázar   07/11/2024 2243   R7 504.3 E15 1 Ej.1 2243 07/11/2024 07/11/2024 Libros

Contacto

Biblioteca Julio Cortázar. Escuela Agrotécnica "Libertador San Martín". Universidad Nacional de Rosario
Dirección: Ov. Lagos 1000 - 2170 Casilda - Santa Fe - Argentina
Tel: (54) (03464) 422226.
Fax: (54) (03464) 427789.
E-Mail: biblio-eac@unr.edu.ar